000 00937nam a22002297a 4500
999 _c20429
_d20429
003 AR-CdUCM
008 190530b ||||| |||| 00| 0 spa d
040 _aMUNICIPALIDAD PROVINCIAL DEL CUSCO
_cBIBLIOTECA MUNICIPAL DEL CUSCO
082 _a532 /
_bS83
100 _aStreeter, Victor L
_942713
245 _aMecánica de los fluidos /
260 _aBogotá :
_bStella,
_c1977.
300 _a747 páginas ;
_c23 cm.
500 _aLibro reempastado Traducción y adaptación de la cuarta edición en ingles : Romero Ros, Emilio y Moneva Moneva, Jaime
505 _aContenido : Fundamentos de la mecánica de los fluidos -- Estática de los fluidos -- Análisis dimensional y semejanza dinámica...
650 _aPropiedades de los fluidos
_942714
650 _aFlujo compresible
_942715
650 _aAplicaciones de la mecánica de los fluidos
_942716
700 _aDebler, Walter R
_942717
942 _2ddc
_cLIBROS
945 _aandy